000 00490nam a2200181 4500
001 111568
003 ES-MaACL
005 20230906185326.0
007 t|
008 061121s1971 ag r ||||1| spa d
100 1 _aNeruda, Pablo,
_d1904-1973
_985398
245 1 0 _aNuevas odas elementales /
_cPablo Neruda.
250 _a3ยช ed.
260 _aBuenos Aires :
_bLosada,
_c1971.
300 _a176 p. ;
_c18 cm.
852 _aES-MaACL
_jC-56675
_bR.89433
999 _c111568
_d111568